| 000 | 01031cam a22003371a 4500 | ||
|---|---|---|---|
| 001 | 5905 | ||
| 003 | FISKH | ||
| 005 | 20250224091504.0 | ||
| 008 | 090206s2010 nyua j 000 1 eng | ||
| 010 | _a 2009922541 | ||
| 020 | _a9780375858062 | ||
| 020 | _a9780448454436 | ||
| 040 |
_aDLC _cDLC _beng |
||
| 050 | _aPZ7 .I | ||
| 082 | _a823.92 | ||
| 100 | 1 |
_aShealy, Dennis R., _d1969- |
|
| 245 | 1 | 0 |
_aI am a T. Rex! / _cby Dennis R. Shealy ; illustrated by Brian Biggs. |
| 260 |
_aNew York : _bGrosset & Dunlap, _c2010. |
||
| 300 |
_a34 unnumbered pages : _bcolor illustrations ; _c21 cm |
||
| 500 | _a"A Golden book." | ||
| 505 | _aF | ||
| 520 | _aA small T. Rex dinosaur describes who he is and how he spends his day. | ||
| 521 | 8 |
_a300
_bLexile estimate |
|
| 521 | 8 |
_aF
_bRaz-Plus |
|
| 650 | 1 |
_aTyrannosaurus rex _vFiction. |
|
| 650 | 1 |
_aDinosaurs _vFiction. |
|
| 700 | 1 |
_aBiggs, Brian, _eillustrator |
|
| 906 |
_a7 _bcbc _corignew _d2 _eepcn _f20 _gy-gencatlg |
||
| 942 |
_2ddc _cBK _n0 |
||
| 999 |
_c5905 _d5905 |
||